Petit Bac - Mammifères - Statistiques

Statistiques générales
  • Ce quiz a été pris 2 868 fois
    2 646 depuis la dernière actualisation
  • Le résultat moyen est 18 sur 24
Statistiques - réponses
Lettre Mammifère % Correct
C Cachalot | Campagnol | Capucin | Capybara | Caracal | Carcajou | Caribou | Castor | Cercopithèque | Cerf | Chacal | Chameau | Chamois | Chat | Chauve-souris | Cheval | Chèvre | Chevreuil | Chien | Chimpanzé | Chinchilla | Civette | Coati | Cobaye | Cochon | Cougar | Coyote
98%
L Lama | Lamantin | Lapin | Lemming | Lémurien | Léopard | Lérot | Lièvre | Lion | Loir | Loris | Loup | Loutre | Lycaon | Lynx
97%
B Babouin | Baleine | Belette | Béluga | Biche | Bison | Blaireau | Boeuf | Bonobo | Bouc | Bouquetin | Brebis | Buffle
96%
E Échidné | Écureuil | Élan | Éléphant | Épaulard
93%
G Gazelle | Gerbille | Gerboise | Gibbon | Girafe | Glouton | Gnou | Goret | Gorille | Grizzly | Guépard
92%
K Kangourou | Koala | Kodkod | Koudou
86%
O Ocelot | Okapi | Once | Opossum | Orang-Outan | Ornithorynque | Orque | Oryctérope | Oryx | Otarie | Ouistiti | Ours
86%
R Ragondin | Rat | Raton laveur | Renard | Rhinocéros
86%
Z Zèbre | Zébu | Zibeline | Zorille
85%
D Daim | Dauphin | Dingo | Drill | Dromadaire
84%
S Sagouin | Saïmiri | Sajou | Saki | Sanglier | Sapajou | Serval | Singe | Souris | Spermophile | Springbok | Suricate
84%
M Macaque | Mammouth | Mandrill | Mangouste | Marmotte | Marsouin | Martre | Morse | Moufette | Mouflon | Mouton | Mule | Mulot | Musaraigne
82%
P Panda | Pangolin | Panthère | Paresseux | Pécaris | Phacochère | Phoque | Pipistrelle | Polatouche | Poney | Porc | Puma | Putois
82%
T Tamanoir | Tamarin | Tamia | Tapir | Tarsier | Tatou | Taupe | Taureau | Tigre
80%
J Jaguar | Jaguarondi | Jutia
79%
H Hamster | Hérisson | Hermine | Hippopotame | Hyène
76%
F Faon | Fennec | Fouine | Fourmilier | Furet
75%
V Vache | Veau | Verrat | Vervet | Viscache | Vison
71%
A Addax | Agneau | Alpaga | Âne | Antilope | Aye Aye
70%
W Wallaby | Wapiti | Watusi | Wombat
63%
Y Yack | Yak
59%
N Narval | Nasique | Noctule | Numbat
42%
I Impala | Indri | Isard | Isatis
24%
Q Quokka
12%
Aucun quiz correspondant
Distribution des résultats
% des personnes avec chaque résultat
Percentile par nombre de réponses
Votre historique - résultats
Vous n’avez pas pris ce quiz depuis la dernière actualisation